| Tag |
First Indicator |
Second Indicator |
Subfields |
| LEADER |
00000cam a2200000Ia 4500 |
| 001 |
in00004503721 |
| 005 |
20211129142322.0 |
| 008 |
060609s2006 moua b 001 0 eng d |
| 020 |
|
|
|a 1416002707
|
| 024 |
3 |
|
|a 9781416002703
|
| 035 |
|
|
|a (OCoLC)ocm70054309
|
| 035 |
|
|
|z (UtOrBLW)40491
|
| 035 |
|
|
|a 58160
|
| 040 |
|
|
|a MMU
|c MMU
|d BAKER
|d TMV
|d UtOrBLW
|
| 049 |
|
|
|a TMVM
|c 1
|c 2
|
| 060 |
|
4 |
|a SF 951
|b W747m 2006
|
| 100 |
1 |
|
|a Wilson, David A.
|0 http://id.loc.gov/authorities/names/n82087586
|
| 245 |
1 |
0 |
|a Manual of equine field surgery /
|c David A. Wilson [and others].
|
| 246 |
3 |
0 |
|a Equine field surgery
|
| 264 |
|
1 |
|a St. Louis :
|b Saunders Elsevier,
|c [2006]
|
| 264 |
|
4 |
|c ©2006
|
| 300 |
|
|
|a x, 276 pages :
|b illustrations ;
|c 26 cm
|
| 336 |
|
|
|a text
|b txt
|2 rdacontent
|
| 337 |
|
|
|a unmediated
|b n
|2 rdamedia
|
| 338 |
|
|
|a volume
|b nc
|2 rdacarrier
|
| 504 |
|
|
|a Includes bibliographical references and index.
|
| 505 |
0 |
|
|a Presurgical preparation and assessment -- Limb surgeries -- Head and neck surgeries -- Ophthalmic surgeries -- Male urogenital surgeries -- Female urogenital surgeries -- Limited abdominal surgeries
|
| 650 |
|
0 |
|a Horses
|x Surgery
|v Handbooks, manuals, etc.
|
| 650 |
|
0 |
|a Horses
|x Diseases
|x Treatment
|v Handbooks, manuals, etc.
|
| 650 |
|
0 |
|a Veterinary surgery
|v Handbooks, manuals, etc.
|
| 650 |
|
2 |
|a Surgery, Veterinary.
|0 https://id.nlm.nih.gov/mesh/D013522
|
| 650 |
|
2 |
|a Horse Diseases
|x therapy.
|0 https://id.nlm.nih.gov/mesh/D006734Q000628
|
| 650 |
|
2 |
|a Horses.
|0 https://id.nlm.nih.gov/mesh/D006736
|
| 776 |
1 |
|
|t Manual of equine field surgery
|w (OCoLC)ocn324993348
|
| 999 |
|
|
|a MARS
|
| 999 |
f |
f |
|s 4114ceae-6701-38f5-b974-0a524412ae2e
|i 20d1101d-688a-3e1a-a2a7-8a9eb4999e6c
|t 0
|
| 952 |
f |
f |
|p preservation
|a Texas A&M University
|b J.J. Pickle Campus
|c High Density Repository
|d Remote Storage
|t 0
|e SF 951 W747m 2006
|h National Library of Medicine classification
|i unmediated -- volume
|m 3238901832084
|
| 998 |
f |
f |
|a SF 951 W747m 2006
|t 0
|l Remote Storage
|